000 00832nam a2200241 a 4500
001 BRCA_6533
005 20190320205508.0
008 290911s1914----mx-#######---#000-0#spa-#
041 _aspa
044 _amx
050 4 _aQB82
_b.M6 O38 3
_c1914
245 1 0 _aAnuario del Observatorio Astronómico Nacional de Tacubaya
_bpara el año de 1915
_cformado bajo la dirección del Ingeniero Valentin Gama.
260 _aMéxico
_bImprenta y fototipia Secretaría de Fomento
_c1914
300 _a2 v.
_c18 cm.
500 _aEstado físico: ambos volúmenes deteriorados
500 _aVer también: CFG67, CGF68, L170 y L213
500 _aL70
610 2 4 _aObservatorio Astronómico Nacional (Tacubaya, D.F.)
_916309
650 1 4 _aAstronomía
_vAnuarios
_916310
700 1 _aGama, Valentín
_916311
902 _aGFM
942 _2lcc
_cB
999 _c6217
_d6217